000 00799nam a2200205Ia 4500
008 000000[1990?] sp a 0000000000spa00
020 _a8460437043
090 _aPSP00 G65f
100 1 _aGonzález, Carlos
245 1 0 _aFradogo
_c/ Carlos González, Montse Martí ; fotografías Toni Bofil ; traducciones Karin Stadtlander, Leonor Cardona
300 _a165 p.
_c/ 31 cm.
500 _aCon el patronazgo del maestro venezolano Jesús Rafael Soto (q.e.p.d.)
600 0 0 _aFRADOGO, 1948/
_xTRABAJOS PICTORICOS
650 1 4 _aARTE CONTEMPORANEO ESPAÑOL
650 1 4 _xCATALOGOS
650 1 4 _aPINTORES ESPAÑOLES
650 1 4 _aPINTURA ESPAÑOLA
700 1 _aMarti, Montse \ Bofil, Toni \ Stadtlander, Karin, tr. \ Cardona, Leonor, tr.
999 _c2485
_d2485
260 _aBarcelona : Lemia Art
_c1990